Επιπτώσεις της οργανικής λίπανσης στην ποιότητα των καρπών του σιταριού και στην οργανική ουσία του εδάφους : πτυχιακή εργασία
Αποθηκεύτηκε σε:
| Κύριος συγγραφέας: | |
|---|---|
| Συγγραφή απο Οργανισμό/Αρχή: | |
| Άλλοι συγγραφείς: | |
| Μορφή: | Thesis Βιβλίο |
| Γλώσσα: | Greek |
| Δημοσίευση: |
Μυτιλήνη :
Πανεπιστήμιο Αιγαίου, Τμήμα Περιβάλλοντος,
2005
|
| Θέματα: | |
| Ετικέτες: |
Προσθήκη ετικέτας
Δεν υπάρχουν, Καταχωρήστε ετικέτα πρώτοι!
|
MARC
| LEADER | 00000cam a2200000 i 4500 | ||
|---|---|---|---|
| 001 | 1/22174 | ||
| 008 | 060118s2005 gre d | ||
| 035 | |l 10082071 | ||
| 040 | |a GR-MY-UA |b gre |e aacr | ||
| 041 | 0 | |a gre | |
| 082 | 0 | |a 631.4 |2 (22) | |
| 100 | 1 | |a Κετσετζής, Σταμάτης. | |
| 245 | 1 | 0 | |a Επιπτώσεις της οργανικής λίπανσης στην ποιότητα των καρπών του σιταριού και στην οργανική ουσία του εδάφους : |b πτυχιακή εργασία / |c Κετσετζής Σταμάτης ; υπεύθυνη καθηγήτρια Γιούργα Χριστίνα |
| 260 | |a Μυτιλήνη : |b Πανεπιστήμιο Αιγαίου, Τμήμα Περιβάλλοντος, |c 2005 | ||
| 300 | |a 92 σ.; |b πιν.; |c 30 εκ. | ||
| 502 | # | # | |a Πτυχιακή εργασία – Πανεπιστήμιο Αιγαίου, Λέσβος, 2005. |
| 504 | |a Βιβλιογραφία: 81-92 | ||
| 650 | 0 | 0 | |a Soil fertility. |
| 650 | 0 | 0 | |a Crops and soils. |
| 650 | 0 | 0 | |a Fertilizers. |
| 650 | 0 | 0 | |a Wheat |x Fertilizers. |
| 650 | 0 | 0 | |a Dissertations, Academic |z Greece. |
| 700 | 1 | |a Γιούργα, Χριστίνα. |4 ths | |
| 710 | 2 | |a Πανεπιστήμιο Αιγαίου. |b Σχολή Περιβάλλοντος. |b Τμήμα Περιβάλλοντος. | |
| 852 | |a INST |b LESVOS |c DIATR |e 20060118 |h 1015 |p 005100031048 |q 005100031048 |t DIE |y 23 | ||
| 852 | |a INST |b LESVOS |c DIATR |e 20060119 |h 1016 |p 005100033560 |q 005100033560 |t DIE |y 23 | ||
| 901 | |a BIBL1-2006-1 | ||
| 909 | |a Λ |b 125360 | ||
| 909 | |a Λ |b 125361 | ||
| 924 | |a ΚΕΤΣΕΤΖΗΣ |b ΣΤΑΜΑΤΗΣ |y ΛΕΣΒΟΣ |z 2005-11 | ||
| 970 | |a ΜΑΡΙΝΑΤΟΥ |b ΜΥΡΣΙΝΗ |z 2006/01/18 | ||